<?xml version="1.0" encoding="UTF-8"?>
<record
    xmlns:xsi="http://www.w3.org/2001/XMLSchema-instance"
    xsi:schemaLocation="http://www.loc.gov/MARC21/slim http://www.loc.gov/standards/marcxml/schema/MARC21slim.xsd"
    xmlns="http://www.loc.gov/MARC21/slim">

  <leader>04157nam a2200445Ia 4500</leader>
  <controlfield tag="001">dia_5219</controlfield>
  <controlfield tag="003">CHAP</controlfield>
  <controlfield tag="005">20250904181643.0</controlfield>
  <controlfield tag="007">ta</controlfield>
  <controlfield tag="008">220117s1997    mx ad  frm    001 0 spa d</controlfield>
  <datafield tag="010" ind1=" " ind2=" ">
    <subfield code="a">176121</subfield>
  </datafield>
  <datafield tag="040" ind1=" " ind2=" ">
    <subfield code="c">CHAP</subfield>
    <subfield code="a">mxchpua</subfield>
    <subfield code="e">rda</subfield>
  </datafield>
  <datafield tag="041" ind1="0" ind2=" ">
    <subfield code="a">spa</subfield>
    <subfield code="b">eng</subfield>
  </datafield>
  <datafield tag="090" ind1=" " ind2=" ">
    <subfield code="a">Tesis</subfield>
    <subfield code="b">S65</subfield>
    <subfield code="c">1997</subfield>
  </datafield>
  <datafield tag="100" ind1="1" ind2=" ">
    <subfield code="a">Solorza G&#xF3;mez, Alvaro</subfield>
  </datafield>
  <datafield tag="245" ind1="1" ind2="0">
    <subfield code="a">Caracterizaci&#xF3;n reol&#xF3;gica de la goma de muc&#xED;lago del caf&#xE9; /</subfield>
    <subfield code="c">Alvaro Solorza G&#xF3;mez</subfield>
  </datafield>
  <datafield tag="264" ind1=" " ind2=" ">
    <subfield code="a">Chapingo, M&#xE9;xico :</subfield>
    <subfield code="b">El autor,</subfield>
    <subfield code="c">1997</subfield>
  </datafield>
  <datafield tag="300" ind1=" " ind2=" ">
    <subfield code="a">vi, 67 hojas :</subfield>
    <subfield code="b">ilustraciones, gr&#xE1;ficas, diagramas, tablas</subfield>
  </datafield>
  <datafield tag="336" ind1=" " ind2=" ">
    <subfield code="2">rdacontent</subfield>
    <subfield code="a">texto</subfield>
    <subfield code="b">txt</subfield>
  </datafield>
  <datafield tag="337" ind1=" " ind2=" ">
    <subfield code="2">rdamedia</subfield>
    <subfield code="a">no mediado</subfield>
    <subfield code="b">n</subfield>
  </datafield>
  <datafield tag="338" ind1=" " ind2=" ">
    <subfield code="2">rdacarrier</subfield>
    <subfield code="a">volumen</subfield>
    <subfield code="b">nc</subfield>
  </datafield>
  <datafield tag="502" ind1=" " ind2=" ">
    <subfield code="a">Tesis </subfield>
    <subfield code="b">(Ingeniero Agroindustrial) -- </subfield>
    <subfield code="c">UACh. Departamento de Ingenier&#xED;a Agroindustrial, </subfield>
    <subfield code="d">1997</subfield>
  </datafield>
  <datafield tag="504" ind1=" " ind2=" ">
    <subfield code="a">Bibliograf&#xED;a: hojas 64-67</subfield>
  </datafield>
  <datafield tag="520" ind1="3" ind2=" ">
    <subfield code="a">Se presenta un estudio que incluye la extracci&#xF3;n y caracterizaci&#xF3;n reol&#xF3;gica de la goma de mucilago del caf&#xE9;. El mucilago utilizado provino del beneficiado mediante un desmucilaginador mec&#xE1;nico. El comportamiento reol&#xF3;gico de dicha goma, fue estudiado en funci&#xF3;n de la temperatura (5. 20, 3Ov 40C) la concentraci&#xF3;n (7, 10. 20 y 30&#xB0;%). Las determinaciones reol&#xF3;gicas de cizalla simple se realizaron en un rango de velocidad de deformaci&#xF3;n de 5 a 200 s. De acuerdo a los resultados analizados bajo el modelo de la ley de la Potencia, la goma de mucilago del caf&#xE9; present&#xF3; un comportamiento pseudoplastico, es decir, su viscosidad de cizalla disminuye conforme incrementa la velocidad de deformaci&#xF3;n. Las soluciones evaluadas presentaron valores de k de 0.287 Pa s a 345.857 Pa sn el valor de n de obtenido vari&#xF3; 0.43 a 0.80. La concentraci&#xF3;n mostr&#xF3; un marcado efecto sobre las propiedades de flujo del material: el &#xED;ndice de consistencia, k, se vi&#xF3; incrementado conforme la concentraci&#xF3;n tambi&#xE9;n lo hac&#xED;a. En cuanto al &#xED;ndice de comportamiento de flujo, n, &#xE9;ste fue disminuyendo conforme la concentraci&#xF3;n aumentaba. El fen&#xF3;meno de la pseudoplasticidad fue mas evidente a mayor concentraci&#xF3;n, lo cu&#xE1;l es una situaci&#xF3;n t&#xED;pica en las soluciones polim&#xE9;ricas. EI valor de n fue pr&#xE1;cticamente constante en el rango de temperatura estudiado. Sin embargo. a concentraciones de 20% y 30%, n aument&#xF3; considerablemente. El &#xED;ndice k fue afectado fuertemente por la temperatura, cuyo valor disminuy&#xF3; conforme el valor de la temperatura aument&#xF3;. --</subfield>
  </datafield>
  <datafield tag="520" ind1="3" ind2=" ">
    <subfield code="a">Rheological propierties of coffee mucilage gum is presented as a function of concentration (7. 10, 20 and 30% and temperature (5, 20, 30 and 40&#xB0;C). Coffe mucilage gum was obteined by a mechanical mucilage-extractor machine. Rheological propierties were evaluated at constant shear-rate the range of 5 to 200 s. Power law model applied to experimental data has shown that coffee mucilage gum has a shear-thinning behaviour. Consistence index, varies from 0.287 Pa s to 345.857 Pa s. and behaviour index took values between 0.43 to 0.80. As it was expected consistence index, k. increases as concentration does. Behaviour index, n, was also modify by concentration, which decreases as concentration increases. Pseudoplasticity was more evident to higher concentration, which is a typical situation for polymeric solutions. With respect to temperature, the index n was practicaly constant on the range of temperature. However, the index n increases considerably at concentrations of 20 and 30%,. The index k was affected strongly with temperature, generaiy decreases as temperature increases.&#xA0;</subfield>
  </datafield>
  <datafield tag="650" ind1="1" ind2="3">
    <subfield code="a">Productos del caf&#xE9;  </subfield>
    <subfield code="2">atg</subfield>
    <subfield code="x">Muc&#xED;lagos</subfield>
  </datafield>
  <datafield tag="650" ind1="1" ind2="3">
    <subfield code="a">Gomas  </subfield>
    <subfield code="2">atg</subfield>
  </datafield>
  <datafield tag="650" ind1="1" ind2="3">
    <subfield code="a">Semillas de caf&#xE9;  </subfield>
    <subfield code="2">atg</subfield>
  </datafield>
  <datafield tag="650" ind1="1" ind2="e">
    <subfield code="a">Coffee beans  </subfield>
    <subfield code="2">atg</subfield>
  </datafield>
  <datafield tag="650" ind1="1" ind2="3">
    <subfield code="a">Coffee products  </subfield>
    <subfield code="2">atg</subfield>
    <subfield code="x">Mucilage</subfield>
  </datafield>
  <datafield tag="650" ind1="1" ind2="3">
    <subfield code="a">Plant gums</subfield>
    <subfield code="2">atg</subfield>
  </datafield>
  <datafield tag="700" ind1="1" ind2=" ">
    <subfield code="a">Valle Guadarrama, Salvador</subfield>
    <subfield code="e">director</subfield>
  </datafield>
  <datafield tag="700" ind1="1" ind2=" ">
    <subfield code="a">Medina Torres, Luis</subfield>
    <subfield code="e">asesor</subfield>
  </datafield>
  <datafield tag="700" ind1="1" ind2=" ">
    <subfield code="a">Covarrubias Guti&#xE9;rrez, Ignacio</subfield>
    <subfield code="e">asesor</subfield>
  </datafield>
  <datafield tag="901" ind1=" " ind2=" ">
    <subfield code="a">TESIS S65 1997</subfield>
  </datafield>
  <datafield tag="902" ind1=" " ind2=" ">
    <subfield code="a">M</subfield>
  </datafield>
  <datafield tag="905" ind1=" " ind2=" ">
    <subfield code="a">5232271997                          mx aimn8223223322spa16</subfield>
  </datafield>
  <datafield tag="942" ind1=" " ind2=" ">
    <subfield code="c">TESIS</subfield>
    <subfield code="2">Clasificaci&#xF3;n Universidad Aut&#xF3;noma Chapingo</subfield>
  </datafield>
  <datafield tag="999" ind1=" " ind2=" ">
    <subfield code="c">176121</subfield>
    <subfield code="d">176121</subfield>
  </datafield>
  <datafield tag="952" ind1=" " ind2=" ">
    <subfield code="0">0</subfield>
    <subfield code="1">0</subfield>
    <subfield code="2">local</subfield>
    <subfield code="4">0</subfield>
    <subfield code="5">1</subfield>
    <subfield code="7">0</subfield>
    <subfield code="8">TESIS</subfield>
    <subfield code="a">IA_</subfield>
    <subfield code="b">IA_</subfield>
    <subfield code="e">El autor</subfield>
    <subfield code="l">0</subfield>
    <subfield code="o">Tesis S65 1997</subfield>
    <subfield code="p">1101007476</subfield>
    <subfield code="r">2026-02-02 00:00:00</subfield>
    <subfield code="t">Ej. 1</subfield>
    <subfield code="y">TESIS</subfield>
  </datafield>
  <datafield tag="952" ind1=" " ind2=" ">
    <subfield code="0">0</subfield>
    <subfield code="1">0</subfield>
    <subfield code="2">local</subfield>
    <subfield code="4">0</subfield>
    <subfield code="5">5</subfield>
    <subfield code="7">0</subfield>
    <subfield code="8">TESIS</subfield>
    <subfield code="a">IA_</subfield>
    <subfield code="b">IA_</subfield>
    <subfield code="e">El autor</subfield>
    <subfield code="l">0</subfield>
    <subfield code="o">Tesis S65 1997</subfield>
    <subfield code="p">1101000617</subfield>
    <subfield code="r">2026-02-02 00:00:00</subfield>
    <subfield code="t">Ej. 2</subfield>
    <subfield code="y">TESIS</subfield>
  </datafield>
</record>
